| 000 | 01426nam a22002537a 4500 | ||
|---|---|---|---|
| 999 |
_c2 _d2 |
||
| 003 | Ge_BSU | ||
| 005 | 20190420191656.0 | ||
| 008 | 181213s2013 ge ||||| |||| 00| 0 geo d | ||
| 020 | _a9789941161438 | ||
| 041 |
_ageo _hfre |
||
| 080 | _a821.133.1-32 | ||
| 100 |
_aდიუმა, ალექსანდრე _91 |
||
| 245 |
_aდედოფალი მარგო : _b [რომანი] / _cალექსანდრე დიუმა; ფრანგ. თარგმნა და კომენტ. დაურთო ჯენეტო ჭანტურაიამ; რედ. ლია ერისთავი; მხატვ. სპარტაკ ცინცაძე. |
||
| 264 |
_a[თბ.] : _b"საქართველოს მაცნეს" გამ-ბა და სტ., _c[2013]. |
||
| 300 | _a664 გვ. | ||
| 490 |
_aოქროს ბიბლიოთეკა, _vტ. 16 _x1512-2921 ; |
||
| 500 | _aკომენტარები: გვ. 627-661. | ||
| 653 | _aფრანგული ლიტერატურა | ||
| 653 | _aფრანგული რომანი | ||
| 700 |
_aჭანტურაია, ჯენეტო _eმთარგმნელი _92 |
||
| 700 |
_aერისთავი, ლია, _eრედაქტორი _93 |
||
| 700 |
_aცინცაძე, სპარტაკ _eმხატვარი _94 |
||
| 942 |
_2ddc _cBK |
||